000 00833nam a22002770a 4500
001 PT20758
003 AR-LpoUNG
005 20260115102150.0
008 191001s2005||||ag |||||||||||||||||spa d
020 _a9879300688
_c$18.33
040 _aAR-LpoUNG
_bspa
_cAR-LpoUNG
_eaacr
041 _aspa
044 _aag
082 0 _aA863 864cue
100 1 _aLópez Casanova, Martina
_edir.
245 1 0 _aCuentos para nosotros
250 _a1ra. ed.
260 _aBuenos Aires :
_bUniversidad Nacional de General Sarmiento,
_c2005.
300 _a159 p. :
_btbls., gráfs.
520 _aAntologia de textos seleccionados por alumnos de la Escuela Media N§ 1 Lisandro de la Torre - Malvinas Argentinas
650 4 _aARGENTINA
650 4 _aLITERATURA
700 1 _aNieto, Facundo
_edir.
905 _a20758
942 _cLIB
_2ddc
999 _c18283
_d18283